Le vrai Self, une épure de l'intime ? (notice n° 1641350)

détails MARC
000 -LEADER
fixed length control field 00948cam a2200217 4500500
005 - DATE AND TIME OF LATEST TRANSACTION
control field 20260201110313.0
041 ## - LANGUAGE CODE
Language code of text/sound track or separate title fre
042 ## - AUTHENTICATION CODE
Authentication code dc
100 10 - MAIN ENTRY--PERSONAL NAME
Personal name Tchernicheff, Igor
Relator term author
245 00 - TITLE STATEMENT
Title Le vrai Self, une épure de l'intime ?
260 ## - PUBLICATION, DISTRIBUTION, ETC.
Date of publication, distribution, etc. 2010.<br/>
500 ## - GENERAL NOTE
General note 5
520 ## - SUMMARY, ETC.
Summary, etc. RésuméCherchant à donner corps à la constitution de l’intime sur un mode étiologique et développemental, à partir de l’unité mère-nourrisson, l’auteur avance l’hypothèse que le vrai Self (tel que défini par Winnicott) en serait son lieu et son architecture jusqu’à être à la source de toute création artistique.
690 ## - LOCAL SUBJECT ADDED ENTRY--TOPICAL TERM (OCLC, RLIN)
Topical term or geographic name as entry element création
690 ## - LOCAL SUBJECT ADDED ENTRY--TOPICAL TERM (OCLC, RLIN)
Topical term or geographic name as entry element mère good enough
690 ## - LOCAL SUBJECT ADDED ENTRY--TOPICAL TERM (OCLC, RLIN)
Topical term or geographic name as entry element omnipotence infantile
690 ## - LOCAL SUBJECT ADDED ENTRY--TOPICAL TERM (OCLC, RLIN)
Topical term or geographic name as entry element paradoxe de l'objet
690 ## - LOCAL SUBJECT ADDED ENTRY--TOPICAL TERM (OCLC, RLIN)
Topical term or geographic name as entry element vrai Self
786 0# - DATA SOURCE ENTRY
Note Empan | 77 | 1 | 2010-05-17 | p. 40-43 | 1152-3336
856 41 - ELECTRONIC LOCATION AND ACCESS
Uniform Resource Identifier <a href="https://shs.cairn.info/revue-empan-2010-1-page-40?lang=fr&redirect-ssocas=7080">https://shs.cairn.info/revue-empan-2010-1-page-40?lang=fr&redirect-ssocas=7080</a>

Pas d'exemplaire disponible.

PLUDOC

PLUDOC est la plateforme unique et centralisée de gestion des bibliothèques physiques et numériques de Guinée administré par le CEDUST. Elle est la plus grande base de données de ressources documentaires pour les Étudiants, Enseignants chercheurs et Chercheurs de Guinée.

Adresse

627 919 101/664 919 101

25 boulevard du commerce
Kaloum, Conakry, Guinée

Réseaux sociaux

Powered by Netsen Group @ 2025